Summa theologiae moralis: scholarum usui
Guardat en:
| Autor principal: | |
|---|---|
| Format: | Llibre |
| Idioma: | llatí |
| Publicat: |
Ratisbona
Oeniponte
1923
|
| Edició: | 15a. ed |
| Col·lecció: | Summa Theologiae Moralis
|
| Matèries: | |
| Etiquetes: |
Afegir etiqueta
Sense etiquetes, Sigues el primer a etiquetar aquest registre!
|
MARC
| LEADER | 00000cam a2200000 a 4500 | ||
|---|---|---|---|
| 001 | UCD1651 | ||
| 003 | CL-VaPUC | ||
| 008 | 160324e19230000gw |||||||||||||||||lat|d | ||
| 082 | 0 | 4 | |a 241 |b NOL |2 21 |
| 100 | |a Noldin, H. |q (Hieronymus) |e author |9 585034 | ||
| 245 | 1 | 0 | |a Summa theologiae moralis: scholarum usui |
| 250 | |a 15a. ed | ||
| 300 | |a v | ||
| 942 | |c BK | ||
| 945 | |d 20160324 12:59:00 |a dcastane | ||
| 260 | |a Ratisbona |b Oeniponte |c 1923 | ||
| 500 | |a v.3: de sacramentis | ||
| 650 | 0 | |a Teología moral |9 256617 | |
| 650 | 0 | |a Sacramentos |9 257270 | |
| 583 | |a last modification |c 20160324 12:59:00 |k Rodrigo Vera | ||
| 490 | 0 | |a Summa Theologiae Moralis | |
| 999 | |c 362922 |d 362920 | ||
| 952 | |0 0 |1 0 |3 erd |4 0 |6 241_000000000000000_NOL_1923 |7 0 |8 P |9 474533 |a BIBTEO |b BIBTES |c TEO_FTES |h v.3 |i 5277612 |o 241 NOL 1923 |p 5277612 |r 2024-01-18 |w 2019-11-24 |y BK |z Catalogado en:20160324 |k ICR | ||